| 000 | 00356nam a22001337a 4500 | ||
|---|---|---|---|
| 020 | _a9780470407752 | ||
| 082 | _a621.3824 HAU | ||
| 100 | _aHaupt, Randy L. | ||
| 245 | _a Antenna arrays a computational approach | ||
| 260 |
_aNew York _bJohn Wiley _c2010 |
||
| 300 |
_axiii, 534p. : _e24 cm |
||
| 650 | _aAntenna arrays--Mathematical models | ||
| 942 | _cBK | ||
| 999 |
_c12186 _d12186 |
||